Ornato y urbanismo: guía para Alcaldes y otros funcionarios
Gespeichert in:
| 1. Verfasser: | |
|---|---|
| Format: | Buch |
| Sprache: | Spanisch |
| Veröffentlicht: |
Santiago
Morgan Marinetti
1984
|
| Schlagworte: | |
| Tags: |
Tag hinzufügen
Keine Tags, Fügen Sie den ersten Tag hinzu!
|
MARC
| LEADER | 00000nam a2200000 a 4500 | ||
|---|---|---|---|
| 001 | UCY4980 | ||
| 003 | CL-VaPUC | ||
| 008 | 950407e19840000CL |||||||||||||||||spa|d | ||
| 082 | 0 | 4 | |a 719.3 |b UND |2 21 |
| 100 | 0 | |a Undurraga, Cristián |e author |9 333534 | |
| 245 | 1 | 0 | |a Ornato y urbanismo: guía para Alcaldes y otros funcionarios |
| 300 | |a 103 p | ||
| 942 | |c BK | ||
| 945 | |d 19950407 00:00:00 |a oaravena | ||
| 260 | |a Santiago |b Morgan Marinetti |c 1984 | ||
| 650 | 7 | |a MONUMENTOS NATURALES |2 CL-VaPUC |9 333535 | |
| 650 | 0 | |a Arquitectura del paisaje |9 268210 | |
| 583 | |a last modification |c 19950407 00:00:00 |k Rodrigo Vera | ||
| 999 | |c 232720 |d 232718 | ||
| 952 | |0 0 |1 0 |4 0 |6 719_300000000000000_UND_1984 |7 0 |8 A |9 237542 |a BIBARQ |b BIBARQ |d 2019-11-15 |i 307661K |o 719.3 UND 1984 |p 307661K |r 2025-01-20 |w 2019-11-15 |y BK |k ARQ | ||